000
00323nam a2200121Ia 4500
008
191201s2015 xx 000 0 und d
100
_a
JUNEJA, B L
245
0
_a
Fundamentals of Metal Cutting and Machine Tools
260
_a
N. Delhi
_b
New Age International
_c
2015
300
_a
614
650
_a
B.Tech(ME)
942
_2
ddc
_c
BK
999
_c
6118
_d
6118